000 00537nam a2200181Ia 4500
008 240729s9999 xx 000 0 und d
022 _a2476-1362
245 0 _aJournal of Applied Communications
260 _aUnited States
260 _bNew Prairie Press
650 _a Agriculture (General) | Language and Literature
650 _a Communication. Mass media
650 _a Philology. Linguistics
650 _aAgriculture
856 _uhttps://doaj.org/toc/f96ac9c1aae048a2908e4fd25be43b71
942 _2ddc
942 _cDOAJEJ
999 _c66707
_d66707
945 _a1
_bMadushi Gamage
_c1
_dMadushi Gamage